NBA winners - Statystyki

Ogólne statystyki
  • Ten quiz został rozwiązany 79 razy
  • Średni wynik to 11 z 21
Statystyki odpowiedzi
Winners % Poprawnych
Los Angeles Lakers
96%
Chicago Bulls
81%
Boston Celtics
80%
Golden State Warriors
76%
Spurs
69%
Miami Heat
66%
Denver
62%
Oklahoma
62%
Dallas
57%
Toronto
55%
Detroit Pistons
53%
New York
50%
Cleveland
46%
Philadelphia
42%
Milwaukee
41%
Houston Rockets
38%
Portland
32%
Washington
30%
Sacramento
27%
Atlanta
24%
Baltimore
5%
Nie znaleziono quizów pasujących do podanych kryteriów
Rozkład punktacji
Procent ludzi z każdym wynikiem
Percentyl według liczby udzielonych odpowiedzi
Twoja historia wyników
Nie rozwiązałeś tego quizu